000 00753nam a22001817a 4500
008 090608t xxu||||| |||| 00| 0 eng d
020 _a9780750685221 (pbk.)
020 _a0750685220 (pbk.)
082 _222
_a629.2
_bBON
100 _aBonnick, Allan W. M.
_95916
245 _aAutomotive Science and Mathematics /
_cAllan Bonnick.
260 _aAmsterdam ;
_aLondon :
_bButterworth-Heinemann,
_cc2008.
300 _axxi, 241 p. :
_bill. ;
_c25 cm.
500 _aIncludes index.
650 _aMotor vehicles
_xDesign and construction.
_95917
942 _2ddc
_cBB
999 _c11770
_d11770